| 000 | 00354cam a2200157ua 4500 | ||
|---|---|---|---|
| 001 | 1338 | ||
| 008 | 131122n2002 II |||gr||||Z||||||asm | ||
| 040 | _aMAIN | ||
| 041 | _aEnglish | ||
| 082 | _a808.83 BOR | ||
| 100 | _aBORGOHAIN, ILA. | ||
| 245 | _aRAMANI GABHARU | ||
| 260 |
_aDIBRUGARH _bKAUSTABH PRINTERS _c2002 |
||
| 300 |
_a200: _c21CM. |
||
| 942 | _cBK | ||
| 999 |
_c1337 _d1337 |
||